Central Library OPAC University of Rajshahi

Comparative public administration : (Record no. 59729)

MARC details
000 -LEADER
fixed length control field 00971nam a2200289 a 4500
001 - CONTROL NUMBER
control field 59729
003 - CONTROL NUMBER IDENTIFIER
rucl marc code BD-RjUL
005 - DATE AND TIME OF LATEST TRANSACTION
control field 20211209080749.0
008 - FIXED-LENGTH DATA ELEMENTS--GENERAL INFORMATION
fixed length control field 161227m20092006bg ||||| |||| 001 0 eng d
020 ## - INTERNATIONAL STANDARD BOOK NUMBER
International Standard Book Number 9780762313594
035 ## - SYSTEM CONTROL NUMBER
System control number (BD-RjUL) 59853
040 ## - CATALOGING SOURCE
Original cataloging agency BD-RjUL
Language of cataloging eng
Transcribing agency BD-RjUL
041 ## - LANGUAGE CODE
Language code of text/sound track or separate title eng
082 ## - DEWEY DECIMAL CLASSIFICATION NUMBER
Edition number 23
Classification number 351
Author mark and year COM 2009
100 1# - MAIN ENTRY--PERSONAL NAME
Personal name Otenyo, Eric Edwin
9 (RLIN) 177725
245 10 - TITLE STATEMENT
Title Comparative public administration :
Remainder of title the essential readings /
Statement of responsibility, etc. Eric Edwin Otenyo ; Nancy S Lind
260 ## - PUBLICATION, DISTRIBUTION, ETC. (IMPRINT)
Place of publication, distribution, etc. Amsterdam ;
-- Boston :
Name of publisher, distributor, etc. Elsevier JAI,
Date of publication, distribution, etc. 2009
300 ## - PHYSICAL DESCRIPTION
Pagination xxxvi, 980 p. ;
Size 23 cm.
490 ## - SERIES STATEMENT
Series statement Research in public policy analysis and management ;
Volume/sequential designation v. 15.
500 ## - GENERAL NOTE
General note Includes index.
650 ## - SUBJECT ADDED ENTRY--TOPICAL TERM
Topical term or geographic name as entry element Public administration.
9 (RLIN) 174881
Topical term or geographic name as entry element Organization.
9 (RLIN) 170732
Topical term or geographic name as entry element Public policy.
9 (RLIN) 177726
700 ## - ADDED ENTRY--PERSONAL NAME
Personal name Lind, Nancy S
830 ## - SERIES ADDED ENTRY--UNIFORM TITLE
Uniform title Research in public policy analysis and management ;
Volume number/sequential designation v. 15.
942 ## - ADDED ENTRY ELEMENTS (KOHA)
Source of classification or shelving scheme Dewey Decimal Classification
Koha item type Books
Holdings
Lost status Source of classification or shelving scheme Damaged status Not for loan Collection code Permanent Location Current Location Shelving location Date acquired Source of acquisition Cost, normal purchase price Total Checkouts Full call number Date last seen Copy number Koha item type
  Dewey Decimal Classification   Not For Loan Non-fiction Central Library, University of Rajshahi Central Library, University of Rajshahi Reading Room 02/07/2013 Space Marketing Comm., Dhaka 13300.00   351 COM 2009 27/12/2016 C-1 Books